000
00306nam a22001337a 4500
008
210224b ||||| |||| 00| 0 eng d
020
_a
039535756X
041
_a
eng
080
_2
5th
_a
159.9
100
_a
48
101
_a
PSI
245
_a
Psychology Applied To Teaching
_c
Biehler, F.R
942
_2
udc
_c
BK
999
_c
55147
_d
55147